000 00268nam a2200097Ia 4500
001 644199
005 20250826153600.0
008 250824s9999 xx 000 0 und d
245 0 _aLEVENT TÜRKİYEYİ GEZİYORUM 21 TRABZON DA
_cMUSTAFA ORAKÇI
260 _bTİMAŞ ÇOCUK
999 _c644199
_d644199